000 00753nam a22002297a 4500
003 UA-OsUOA
001 53733
007 ta
008 20151118b un ||||| |||| 00| 0 ukr d
090 _a929
_bС47
942 _cBK
040 _aUA-OsUOA
_bukr
_cUA-OsUOA
_dUA-OsUOA
245 _aСлавному з Славних. В п'ятнадцяті роковини смерти полк. Євгена Коновальця 1938-1953
300 _a60 с.
955 _a4
041 _aukr
080 _a929
260 _bEditions S.C.I.P.
650 7 _a9 Географія. Біографії. Історія
_2UDC
999 _c433853
_d433853